000 00477nam a2200133Ia 4500
008 171212s9999 xx 000 0 und d
020 _a9780833081674
100 _aPettyjohn, Stacie L.;Vick, Alan J.
245 _cPettyjohn, Stacie L.;Vick, Alan J.
_aThe Posture Triangle
_bA New Framework for U.S. Air Force Global Presence
260 _bRAND Corporation
_c2013
440 _aResearch Reports
650 _aBusiness
856 _uhttp://www.jstor.org/stable/10.7249/j.ctt5hhwch
999 _c352701
_d352701